| 000 | 00793nam a22002657a 4500 | ||
|---|---|---|---|
| 005 | 20220624100757.0 | ||
| 008 | 220525b ||||| |||| 00| 0 eng d | ||
| 020 | _a8172290411 | ||
| 040 | _cAL | ||
| 041 | _aEnglish | ||
| 082 |
_223 _a954.035 _bGANS |
||
| 100 |
_aM K Gandhi _944869 |
||
| 245 | _aSatyagraha in South Africa | ||
| 260 |
_aAhmedabad _bNavajivan Publishing House _c2001 |
||
| 300 |
_axv,319 p. _bPB _c21x14 cm. |
||
| 650 |
_aPassive resistance _938970 |
||
| 650 |
_aSouth Africa _938971 |
||
| 650 |
_aEast Indians _938972 |
||
| 650 |
_aMahatma Gandhi _940076 |
||
| 650 |
_aEast Indians--Politics and government _938973 |
||
| 650 |
_aGandhi, Mahatma, 1869-1948 _938974 |
||
| 700 |
_aGANDHI (M K) _938975 |
||
| 700 |
_aDESAI (Valji Govindji) Tr _938976 |
||
| 942 |
_2ddc _cGF |
||
| 999 |
_c223117 _d223117 |
||